<?xml version="1.0" encoding="UTF-8"?>
<record
    xmlns:xsi="http://www.w3.org/2001/XMLSchema-instance"
    xsi:schemaLocation="http://www.loc.gov/MARC21/slim http://www.loc.gov/standards/marcxml/schema/MARC21slim.xsd"
    xmlns="http://www.loc.gov/MARC21/slim">

  <leader>00635nam a22002537a 4500</leader>
  <controlfield tag="003">UA-OsUOA</controlfield>
  <controlfield tag="001"> 25080 </controlfield>
  <controlfield tag="007">ta</controlfield>
  <controlfield tag="008">20040312b un ||||| |||| 00| 0 ukr d</controlfield>
  <datafield tag="100" ind1=" " ind2=" ">
    <subfield code="a">&#x411;&#x456;&#x43B;&#x435;&#x43D;&#x447;&#x443;&#x43A; &#x41F;.&#x414;.</subfield>
  </datafield>
  <datafield tag="090" ind1=" " ind2=" ">
    <subfield code="a">347.73(075.8)</subfield>
    <subfield code="b">&#x411;61</subfield>
  </datafield>
  <datafield tag="942" ind1=" " ind2=" ">
    <subfield code="c">BK</subfield>
  </datafield>
  <datafield tag="040" ind1=" " ind2=" ">
    <subfield code="a">UA-OsUOA</subfield>
    <subfield code="b">ukr</subfield>
    <subfield code="c">UA-OsUOA</subfield>
    <subfield code="d">UA-OsUOA</subfield>
  </datafield>
  <datafield tag="245" ind1=" " ind2=" ">
    <subfield code="a">&#x41C;&#x456;&#x441;&#x446;&#x435;&#x432;&#x456; &#x43F;&#x43E;&#x434;&#x430;&#x442;&#x43A;&#x438; &#x456; &#x437;&#x431;&#x43E;&#x440;&#x438;: &#x43F;&#x440;&#x430;&#x432;&#x43E;&#x432;&#x435; &#x440;&#x435;&#x433;&#x443;&#x43B;&#x44E;&#x432;&#x430;&#x43D;&#x43D;&#x44F;</subfield>
  </datafield>
  <datafield tag="300" ind1=" " ind2=" ">
    <subfield code="a">120 &#x441;.</subfield>
  </datafield>
  <datafield tag="955" ind1=" " ind2=" ">
    <subfield code="a">0</subfield>
  </datafield>
  <datafield tag="041" ind1=" " ind2=" ">
    <subfield code="a">ukr</subfield>
  </datafield>
  <datafield tag="080" ind1=" " ind2=" ">
    <subfield code="a">347.73(075.8)</subfield>
  </datafield>
  <datafield tag="020" ind1=" " ind2=" ">
    <subfield code="a">966-95627-5-9</subfield>
  </datafield>
  <datafield tag="260" ind1=" " ind2=" ">
    <subfield code="a">&#x41A;&#x438;&#x457;&#x432;</subfield>
    <subfield code="b">&#x410;&#x442;&#x456;&#x43A;&#x430;</subfield>
    <subfield code="c">1999</subfield>
  </datafield>
  <datafield tag="044" ind1=" " ind2=" ">
    <subfield code="a">UA</subfield>
  </datafield>
  <datafield tag="650" ind1=" " ind2="7">
    <subfield code="2">UDC</subfield>
  </datafield>
  <datafield tag="999" ind1=" " ind2=" ">
    <subfield code="c">311371</subfield>
    <subfield code="d">311371</subfield>
  </datafield>
  <datafield tag="952" ind1=" " ind2=" ">
    <subfield code="0">0</subfield>
    <subfield code="1">0</subfield>
    <subfield code="2">udc</subfield>
    <subfield code="4">0</subfield>
    <subfield code="7">0</subfield>
    <subfield code="a">102</subfield>
    <subfield code="b">102</subfield>
    <subfield code="d">2004-03-12</subfield>
    <subfield code="g">25.00</subfield>
    <subfield code="i">60338</subfield>
    <subfield code="l">0</subfield>
    <subfield code="o">347.73(075.8) &#x411;61</subfield>
    <subfield code="p">60338</subfield>
    <subfield code="r">2022-02-07 00:00:00</subfield>
    <subfield code="w">2004-03-12</subfield>
    <subfield code="y">BK</subfield>
  </datafield>
  <datafield tag="952" ind1=" " ind2=" ">
    <subfield code="0">0</subfield>
    <subfield code="1">0</subfield>
    <subfield code="2">udc</subfield>
    <subfield code="4">0</subfield>
    <subfield code="7">0</subfield>
    <subfield code="a">102</subfield>
    <subfield code="b">102</subfield>
    <subfield code="d">2004-03-12</subfield>
    <subfield code="g">56.00</subfield>
    <subfield code="i">67477</subfield>
    <subfield code="l">0</subfield>
    <subfield code="n">1</subfield>
    <subfield code="o">347.73(075.8) &#x411;61</subfield>
    <subfield code="p">67477</subfield>
    <subfield code="r">2022-02-06 00:00:00</subfield>
    <subfield code="w">2004-03-12</subfield>
    <subfield code="y">BK</subfield>
  </datafield>
  <datafield tag="952" ind1=" " ind2=" ">
    <subfield code="0">0</subfield>
    <subfield code="1">0</subfield>
    <subfield code="2">udc</subfield>
    <subfield code="4">0</subfield>
    <subfield code="7">0</subfield>
    <subfield code="a">102</subfield>
    <subfield code="b">102</subfield>
    <subfield code="d">2004-03-12</subfield>
    <subfield code="g">24.70</subfield>
    <subfield code="i">67478</subfield>
    <subfield code="l">0</subfield>
    <subfield code="o">347.73(075.8) &#x411;61</subfield>
    <subfield code="p">67478</subfield>
    <subfield code="r">2022-02-09 00:00:00</subfield>
    <subfield code="w">2004-03-12</subfield>
    <subfield code="y">BK</subfield>
  </datafield>
</record>
